000 00322nam a2200145Ia 4500
003 OSt
005 20231229100714.0
008 170523s9999 xx 000 0 und d
020 _a9780070648074
040 _cIIMTU
100 _aBali- S.P.
245 0 _aLinear Integrated Circuits
260 _aT.M.H.
942 _2ddc
_c02
999 _c12114
_d12114